Municipalities of South Carolina Counties- Bamberg - Statistics

General Stats
  • This quiz has been taken 9 times
  • The average score is 3 of 5
Answer Stats
Population (2020) Municipality % Correct
3,076 Bamberg
100%
457 Ehrhardt
67%
215 Olar
67%
3,186 Denmark
50%
56 Govan
50%
No matching quizzes found
Score Distribution
Percent of People with Each Score
Percentile by Number Answered
Your Score History
You have not taken this quiz